000 00900nam a2200253 i 4500
001 169050
003 ES-MaACL
005 20250812062532.0
008 080805s1953 sp f |||| | spa d
080 _a252:232.96
100 1 _aSopeña Ibáñez, Federico,
_d1917-1991
_9107321
245 1 0 _aSermón de las Siete Palabras /
_cFederico Sopeña Ibáñez.
260 _aMadrid :
_bAteneo,
_c1953.
300 _a52 p. :
_b[1] h. de lám. ;
_c19 cm.
490 1 _aColección "O crece o muere" ;
_v48
594 _aEl original fue dado a conocer por el autor, a través de Radio Madrid, el día de Viernes Santo de 1953.
600 0 4 _aJesucristo-
_xSiete palabras.
_9138139
710 2 _aAteneo de Madrid.
_91875
830 0 0 _aColección "O crece o muere"
_v48
_9183476
852 _aES-MaACL
_jJ-24(48)
852 _aES-MaACL
_jJ-25(48)
852 _aES-MaACL
_j1543-F-20
999 _c169050
_d169050